| 000 | 00529nam a2200169 i 4500 | ||
|---|---|---|---|
| 001 | 151709 | ||
| 003 | ES-MaACL | ||
| 005 | 20230906204339.0 | ||
| 008 | 931025s1886 fr |||| | fre d | ||
| 100 | 0 |
_aBarthelemy Saint-Hilaire, Jules. _926123 |
|
| 245 | 1 | 0 |
_aLe Bouddha et sa religion / _cpar J. Barthelemy-Saint-Hilaire. |
| 250 | _a3ª ed. | ||
| 260 |
_aParís : _b[s.n.], _c1886 ( _fDidier et C\pie\s) |
||
| 300 |
_aLII, 445 p., [2] h. ; _c18 cm. |
||
| 650 |
_aBudismo. _910630 |
||
| 852 |
_aES-MaACL _jD-4636 _z-- Enc. hol. |
||
| 999 |
_c151709 _d151709 |
||